| 000 | 00802cam a2200253 a 4500 | ||
|---|---|---|---|
| 001 | 000004725 | ||
| 005 | 20200929151506.0 | ||
| 008 | 820611s1993 sp 000 f spa | ||
| 020 | _a8474612128 | ||
| 040 |
_aDO-SdBNP _bspa _cBNPHU |
||
| 082 |
_a843.73 _bB198e |
||
| 100 | 1 |
_aBalzac, Honoré de, _d1799-1850 _913333 |
|
| 245 | 1 | 0 |
_aEugenia Grandet / _cHonoré de Balzac. |
| 260 |
_aMadrid : _bPromoción y Ediciones, _c[1993]. |
||
| 300 |
_a192 p. ; _c22 cm. |
||
| 490 | 1 | _aGrandes genios de la literatura universal | |
| 650 | 4 |
_aNovela francesa _91075 |
|
| 650 | 4 |
_aNovela amorosa _913334 |
|
| 650 | 4 |
_aLiteratura francesa _91074 |
|
| 650 | 4 |
_aLiteratura francesa _ySIGLO XIX _95031 |
|
| 830 | 0 |
_aGrandes genios de la literatura universal _97077 |
|
| 910 | _aCatalogación derivada | ||
| 910 | _aWM | ||
| 999 |
_c4531 _d4531 |
||